Hidden Talents of Famous People Quiz Stats

Quiz Updated Mar 3, 2015

Challenge
Share
Tweet
Score 0/25 Timer 08:00
2 Plays Today
% Correct
Harrison Ford
93.5%
Madonna
93.2%
Winston Churchill
89.3%
Steve Martin
87.9%
Bill Clinton
86.6%
Condoleezza Rice
85.6%
Neil Patrick Harris
83.6%
Clint Eastwood
80.2%
Matthew Perry
77.9%
Rod Stewart
76.2%
Paul Newman
68.9%
George W. Bush
68.8%
Dr. Seuss
68.5%
% Correct
Sean Connery
68%
Gerald Ford
66.9%
Humphrey Bogart
64.6%
Geena Davis
62.7%
Colin Farrell
57.6%
Dr. Ruth Westheimer
52.4%
Patrick Dempsey
49.6%
Queen Elizabeth II
47.9%
Ricky Gervais
37.6%
Gabe Kaplan
28%
Bernie Williams
25.3%
Jason Lee
20.7%

You're not logged in!

Compare scores with friends on all Sporcle quizzes.
Join for Free
OR
Log In

You Might Also Like...

Show Comments

Extras

Top Quizzes Today


Score Distribution

Your Account Isn't Verified!

In order to create a playlist on Sporcle, you need to verify the email address you used during registration. Go to your Sporcle Settings to finish the process.

Report this User

Report this user for behavior that violates our Community Guidelines.

Details: